[Event "Muensterland Verbandsklasse-A 1213"]
[Site "Germany"]
[Date "2013.03.16"]
[Round "7.2"]
[White "Klein, Bjoern"]
[Black "Voss, Norbert"]
[Result "1/2-1/2"]
[WhiteElo "1945"]
[BlackElo "1856"]
[PlyCount "52"]
[EventDate "2012.09.15"]
[EventType "team-tourn"]
[EventRounds "9"]
[EventCountry "GER"]
[SourceTitle "EXT 2015"]
[Source "ChessBase"]
[SourceDate "2014.11.20"]
[SourceVersion "1"]
[SourceVersionDate "2014.11.20"]
[SourceQuality "1"]
[WhiteTeam "Steinfurt"]
[BlackTeam "Muenster SK IV"]
[WhiteTeamCountry "GER"]
[BlackTeamCountry "GER"]

1. d4 b6 2. Nf3 Bb7 3. g3 e6 4. Bg2 f5 5. 0-0 Nf6 6. c4 Be7 7. Nc3 Ne4 8. Qc2 Nxc3 9. Qxc3 0-0 10. b3 Bf6 11. Bb2 d6 12. Rad1 Nd7 13. Qd2 Be4 14. Ne1 Bxg2 15. Nxg2 Qe7 16. Nf4 Bg5 17. e3 Rf7 18. Rfe1 a5 19. d5 e5 20. Ne6 Nc5 21. Nxc5 bxc5 22. Bc3 a4 23. Rb1 Qd7 24. f4 Bf6 25. Qb2 axb3 26. axb3 e4 1/2-1/2

[Event "Muensterland Verbandsklasse-B 1112"]
[Site "Germany"]
[Date "2011.09.17"]
[Round "1.3"]
[White "Klein, Bjoern"]
[Black "Kornick, Ulrich"]
[Result "1-0"]
[WhiteElo "1888"]
[BlackElo "1894"]
[PlyCount "75"]
[EventDate "2011.09.17"]
[EventType "team-tourn"]
[EventRounds "9"]
[EventCountry "GER"]
[SourceTitle "EXT 2013"]
[Source "ChessBase"]
[SourceDate "2012.11.22"]
[SourceVersion "1"]
[SourceVersionDate "2012.11.22"]
[SourceQuality "1"]
[WhiteTeam "Steinfurt"]
[BlackTeam "Rheine Klein Berlin II"]
[WhiteTeamCountry "GER"]
[BlackTeamCountry "GER"]

1. d4 d5 2. Nf3 Nf6 3. c4 dxc4 4. e3 e6 5. Bxc4 c5 6. 0-0 a6 7. a4 Nc6 8. Nc3 cxd4 9. exd4 Nb4 10. Bg5 Be7 11. Qe2 0-0 12. Rfe1 Nfd5 13. Bxe7 Nxe7 14. Rad1 Qc7 15. Ne5 Nec6 16. Qe4 Rd8 17. Nxc6 bxc6 18. Re3 Bb7 19. Rh3 h6 20. Qg4 c5 21. Rg3 g5 22. h4 Rxd4 23. Rxd4 cxd4 24. Qxd4 Qd8 25. Qg4 Rc8 26. hxg5 hxg5 27. Qh4 Kf8 28. Qh6+ Ke8 29. Rxg5 Rxc4 30. Rg8+ Ke7 31. Rxd8 Kxd8 32. Qf8+ Kc7 33. Qxf7+ Kb8 34. Qxe6 Rc6 35. Qe7 Nc2 36. Qd8+ Rc8 37. Qd1 Na3 38. Qd6+ 1-0

[Event "Muensterland Verbandsklasse-B 0809"]
[Site "Germany"]
[Date "2008.10.25"]
[Round "3.2"]
[White "Beckmann, David"]
[Black "Klein, Bjoern"]
[Result "1/2-1/2"]
[WhiteElo "1875"]
[BlackElo "1941"]
[PlyCount "93"]
[EventDate "2008.09.13"]
[EventType "team-tourn"]
[EventRounds "9"]
[EventCountry "GER"]
[SourceTitle "EXT 2010"]
[Source "ChessBase"]
[SourceDate "2010.11.25"]
[SourceVersion "1"]
[SourceVersionDate "2010.11.25"]
[SourceQuality "1"]
[WhiteTeam "Borken"]
[BlackTeam "Steinfurt"]
[WhiteTeamCountry "GER"]
[BlackTeamCountry "GER"]

1. d4 Nf6 2. Nf3 g6 3. c4 Bg7 4. Nc3 d6 5. e4 0-0 6. Be3 Ng4 7. Bd3 Nxe3 8. fxe3 c5 9. d5 Nd7 10. 0-0 Ne5 11. Nxe5 Bxe5 12. Qc2 e6 13. Qf2 Bd7 14. Rab1 Rb8 15. Ne2 a6 16. Nf4 Qf6 17. Qg3 Qg7 18. Qf2 b5 19. b3 b4 20. Be2 a5 21. Bg4 Rbe8 22. Nd3 Bc3 23. Qg3 f5 24. dxe6 Rxe6 25. exf5 Rxe3 26. Rf3 Rxf3 27. Bxf3 Qd4+ 28. Nf2 Bxf5 29. Rd1 Qe5 30. Qxe5 Bxe5 31. Ne4 Bxe4 32. Bxe4 Bd4+ 33. Kh1 Rf2 34. Bb1 Kf7 35. h3 h5 36. Kh2 g5 37. Rd3 Ke6 38. Rf3 Ke5 39. Rxf2 Bxf2 40. g3 Kd4 41. Kg2 Be1 42. Bg6 h4 43. gxh4 gxh4 44. Kf3 Bg3 45. Be8 Kc3 46. Ke2 Kc2 47. Bc6 1/2-1/2

[Event "Muensterland-ch"]
[Site "Saerbeck"]
[Date "2008.03.23"]
[Round "5.6"]
[White "Lerke, Bernd"]
[Black "Klein, Bjoern"]
[Result "1-0"]
[WhiteElo "2010"]
[BlackElo "2137"]
[PlyCount "51"]
[EventDate "2008.03.21"]
[EventType "swiss"]
[EventRounds "5"]
[EventCountry "GER"]
[SourceTitle "EXT 2009"]
[Source "ChessBase"]
[SourceDate "2008.11.26"]
[SourceVersion "1"]
[SourceVersionDate "2008.11.26"]
[SourceQuality "1"]

1. e4 c6 2. c4 d5 3. exd5 cxd5 4. cxd5 Nf6 5. Nc3 Nxd5 6. Nf3 e6 7. d4 Bb4 8. Bd2 Qa5 9. Bb5+ Bd7 10. Nxd5 Bxd2+ 11. Qxd2 Qxd2+ 12. Kxd2 exd5 13. Rhe1+ Kf8 14. Bxd7 Nxd7 15. Rac1 Nb6 16. Rc7 Rc8 17. Ree7 Nc4+ 18. Kc3 Nd6 19. Rxf7+ Nxf7 20. Rxc8+ Ke7 21. Rc7+ Ke6 22. Rxb7 Rc8+ 23. Kd3 a5 24. Ra7 Rb8 25. b3 Rb5 26. Ne5 1-0

[Event "Muensterland-ch"]
[Site "Saerbeck"]
[Date "2008.03.22"]
[Round "3.2"]
[White "Hegemann, Eike"]
[Black "Klein, Bjoern"]
[Result "1/2-1/2"]
[WhiteElo "2106"]
[BlackElo "2137"]
[PlyCount "53"]
[EventDate "2008.03.21"]
[EventType "swiss"]
[EventRounds "5"]
[EventCountry "GER"]
[SourceTitle "EXT 2009"]
[Source "ChessBase"]
[SourceDate "2008.11.26"]
[SourceVersion "1"]
[SourceVersionDate "2008.11.26"]
[SourceQuality "1"]

1. e4 c6 2. d4 d5 3. Nc3 dxe4 4. Nxe4 Nf6 5. Nxf6+ gxf6 6. Bc4 Bf5 7. Nf3 e6 8. Bf4 Bd6 9. Bxd6 Qxd6 10. Qd2 Nd7 11. 0-0-0 0-0-0 12. Nh4 Bg6 13. h3 Nb6 14. Bb3 Be4 15. Rhe1 Bd5 16. Re3 Rdg8 17. g3 f5 18. Bxd5 cxd5 19. b3 Kb8 20. Re2 Rc8 21. Nf3 Rc7 22. Ne5 Qe7 23. Kb1 Rhc8 24. Qf4 Ka8 25. Qc1 Qb4 26. Qb2 Qd6 27. Rde1 1/2-1/2

[Event "Muensterland-ch"]
[Site "Saerbeck"]
[Date "2008.03.21"]
[Round "2.1"]
[White "Klein, Bjoern"]
[Black "Muschik, Benedikt"]
[Result "0-1"]
[WhiteElo "2137"]
[BlackElo "2226"]
[PlyCount "152"]
[EventDate "2008.03.21"]
[EventType "swiss"]
[EventRounds "5"]
[EventCountry "GER"]
[SourceTitle "EXT 2009"]
[Source "ChessBase"]
[SourceDate "2008.11.26"]
[SourceVersion "1"]
[SourceVersionDate "2008.11.26"]
[SourceQuality "1"]

1. d4 Nf6 2. Nf3 c5 3. d5 b5 4. c4 g6 5. cxb5 a6 6. bxa6 Bxa6 7. Nc3 d6 8. g3 Bg7 9. Bg2 Nbd7 10. 0-0 Nb6 11. Re1 0-0 12. e4 Nfd7 13. Qc2 Nc4 14. Rd1 Qa5 15. Rb1 Rfb8 16. Bd2 Nxd2 17. Nxd2 Ne5 18. Nb3 Qb6 19. Nc1 Nc4 20. Nd3 Qa5 21. Rdc1 Rb7 22. Bf1 Rab8 23. Nd1 Bd4 24. Nxc5 dxc5 25. Bxc4 Qe1+ 26. Kg2 Bxc4 27. Ne3 Qa5 28. Nxc4 Qxa2 29. Ra1 Qb3 30. Ra3 Qb5 31. b3 Qd7 32. Qa2 f5 33. Na5 Ra7 34. Nc6 Rxa3 35. Qxa3 Rf8 36. Nxd4 cxd4 37. Qc5 fxe4 38. Qxd4 Qf5 39. Rc3 e3 40. f4 Ra8 41. Rxe3 Ra2+ 42. Kf3 Qh5+ 43. Ke4 Qf5+ 44. Kf3 Qh5+ 45. Ke4 Qxh2 46. Qc5 Kf7 47. Qc8 Qh1+ 48. Ke5 Rd2 49. Qe6+ Kf8 50. Qc8+ Kg7 51. Qc4 Qh5+ 52. Ke4 Kh6 53. b4 Qh1+ 54. Ke5 Qh3 55. Qe4 Qd7 56. Rd3 Qd6+ 57. Kd4 Qxb4+ 58. Ke5 Qb2+ 59. Ke6 Qf6+ 60. Kd7 Qd6+ 61. Ke8 Rxd3 62. Qxd3 e6 63. Qe3 exd5 64. f5+ Kg7 65. Qd4+ Qf6 66. Qxd5 Qf8+ 67. Kd7 Qxf5+ 68. Qxf5 gxf5 69. Ke6 Kg6 70. Ke5 Kg5 71. Ke6 h5 72. Ke5 Kg4 73. Kf6 Kxg3 74. Kxf5 h4 75. Ke4 h3 76. Ke3 h2 0-1

[Event "Muensterland Verbandsklasse-B 0506"]
[Site "Germany"]
[Date "2006.02.25"]
[Round "7.2"]
[White "Klein, Bjoern"]
[Black "Hoeing, Johannes"]
[Result "1-0"]
[WhiteElo "1945"]
[BlackElo "1978"]
[PlyCount "195"]
[EventDate "2005.09.03"]
[EventType "team"]
[EventRounds "9"]
[EventCountry "GER"]
[SourceTitle "EXT 2006"]
[Source "ChessBase"]
[SourceDate "2005.11.24"]
[SourceVersion "1"]
[SourceVersionDate "2005.11.24"]
[SourceQuality "1"]
[WhiteTeam "Steinfurt"]
[BlackTeam "Suedlohn II"]
[WhiteTeamCountry "GER"]
[BlackTeamCountry "GER"]

1. d4 Nf6 2. c4 c5 3. d5 b5 4. cxb5 a6 5. bxa6 g6 6. Nc3 Bg7 7. e4 d6 8. Bb5+ Nfd7 9. Nge2 Nxa6 10. 0-0 0-0 11. Rb1 Rb8 12. Be3 Nc7 13. Ba4 Ba6 14. Re1 Ne5 15. Bc2 Qc8 16. f3 Rb7 17. Bg5 Nb5 18. Nxb5 Bxb5 19. Nc3 Ba6 20. Na4 h6 21. Bh4 Qa8 22. Bf2 Rfb8 23. b3 Bb5 24. Nc3 Nd3 25. Bxd3 Bxc3 26. Re2 Bg7 27. Bxb5 Rxb5 28. Rc1 Kh7 29. Qd3 Qa3 30. Rcc2 Rb4 31. e5 c4 32. Rxc4 Bxe5 33. g3 Rxc4 34. Qxc4 Qa8 35. Rc2 Bf6 36. Kg2 Qa3 37. Qd3 Ra8 38. Qe2 Ra5 39. Qd2 Rb5 40. Qd3 Ra5 41. Be3 Ra8 42. Bc1 Qa5 43. a4 Qe1 44. Qd2 Qe5 45. Qxh6+ Kg8 46. Qd2 g5 47. Bb2 Qf5 48. Bxf6 exf6 49. Rc4 Re8 50. g4 Qb1 51. Qc2 Qe1 52. Re4 Rxe4 53. Qxe4 Qd2+ 54. Kg3 Qd1 55. Qe3 Qxd5 56. h4 Qa5 57. hxg5 fxg5 58. Kf2 Kf8 59. Ke2 Qd5 60. Qd3 Qe5+ 61. Kd1 Qc5 62. Kd2 Qb4+ 63. Qc3 Qf4+ 64. Kc2 Qh2+ 65. Qd2 Qe5 66. a5 d5 67. a6 d4 68. Qd3 Qh2+ 69. Kb1 Qh1+ 70. Kb2 Qh2+ 71. Ka3 Qd6+ 72. b4 Qd7 73. b5 Kg7 74. Kb4 Qd5 75. Ka5 Qd8+ 76. Ka4 Qd5 77. Kb4 Kg8 78. Qe4 Qd6+ 79. Kc4 Qc7+ 80. Kxd4 Qb6+ 81. Kc4 Qa5 82. Qc6 Qa3 83. Qb7 Qa2+ 84. Kc5 Qa3+ 85. Kb6 Qe3+ 86. Kc7 Qe5+ 87. Kd8 Qf6+ 88. Ke8 Qe5+ 89. Kd7 Qd4+ 90. Kc8 Qc5+ 91. Qc6 Qa7 92. Qb7 Qc5+ 93. Kb8 Qe5+ 94. Ka8 Kg7 95. b6 Qe8+ 96. Ka7 Qe6 97. Qe4 Qd6 98. b7 1-0

[Event "Muensterland Verbandsklasse-B 0506"]
[Site "Germany"]
[Date "2006.01.21"]
[Round "5.2"]
[White "Wucherpfennig, Stefan"]
[Black "Klein, Bjoern"]
[Result "1/2-1/2"]
[WhiteElo "1861"]
[BlackElo "1945"]
[PlyCount "96"]
[EventDate "2005.09.03"]
[EventType "team"]
[EventRounds "9"]
[EventCountry "GER"]
[SourceTitle "EXT 2006"]
[Source "ChessBase"]
[SourceDate "2005.11.24"]
[SourceVersion "1"]
[SourceVersionDate "2005.11.24"]
[SourceQuality "1"]
[WhiteTeam "Luedinghausen"]
[BlackTeam "Steinfurt"]
[WhiteTeamCountry "GER"]
[BlackTeamCountry "GER"]

1. d4 Nf6 2. Nc3 d6 3. e4 g6 4. f4 Bg7 5. Nf3 0-0 6. e5 Ng4 7. h3 Nh6 8. Bc4 c6 9. Be3 b5 10. Bd3 f5 11. a3 a6 12. Ng5 Nf7 13. h4 h5 14. Nxf7 Kxf7 15. Qf3 Be6 16. Qf2 Bc4 17. Be2 Bxe2 18. Nxe2 d5 19. Bd2 Rg8 20. Ng1 Bh6 21. Nf3 Ke6 22. 0-0 Nd7 23. Ne1 Qb6 24. Nd3 a5 25. b3 Kf7 26. e6+ Kxe6 27. Qe3+ Kf7 28. Rae1 Rg7 29. Qxe7+ Kg8 30. Qe6+ Kh7 31. Bc3 Nf8 32. Qd6 Rd8 33. Qc5 Qxc5 34. Nxc5 Ra8 35. g3 Rga7 36. Ne6 Nd7 37. Nc5 Nxc5 38. dxc5 Bf8 39. Bd4 a4 40. b4 Rc8 41. Re6 Bg7 42. Bxg7 Kxg7 43. Rfe1 Rd7 44. Kf2 Kf7 45. R1e5 Rcc7 46. Ke3 Re7 47. Rxe7+ Rxe7 48. Kd4 Re6 1/2-1/2

[Event "Muensterland Verbandsklasse-B 0405"]
[Site "Muensterland"]
[Date "2005.02.12"]
[Round "6.3"]
[White "Boerger, Andreas"]
[Black "Klein, Bjoern"]
[Result "0-1"]
[WhiteElo "1843"]
[BlackElo "1911"]
[PlyCount "84"]
[EventDate "2004.09.11"]
[EventType "team"]
[EventRounds "9"]
[EventCountry "GER"]
[SourceTitle "EXT 2006"]
[Source "ChessBase"]
[SourceDate "2005.11.24"]
[SourceVersion "1"]
[SourceVersionDate "2005.11.24"]
[SourceQuality "1"]
[WhiteTeam "Muenster IV"]
[BlackTeam "Steinfurt"]
[WhiteTeamCountry "GER"]
[BlackTeamCountry "GER"]

1. c4 g6 2. Nc3 Bg7 3. g3 Nf6 4. Bg2 0-0 5. d3 d6 6. Bd2 c6 7. Qc1 Re8 8. Rb1 a5 9. Nf3 Nbd7 10. 0-0 e5 11. a3 a4 12. Qc2 Nc5 13. Be3 Qa5 14. Bxc5 dxc5 15. b3 axb3 16. Rxb3 Qc7 17. Rfb1 Ra7 18. Ng5 Nd7 19. Bh3 f5 20. Nb5 cxb5 21. cxb5 Nb6 22. Rc3 Bf8 23. e4 Qe7 24. f4 h6 25. Qa2+ Kg7 26. Nf3 exf4 27. Re1 Qf7 28. Qa1 Kh7 29. e5 fxg3 30. hxg3 Ra4 31. Qc1 Be6 32. Nh4 f4 33. Bxe6 Rxe6 34. gxf4 Rxf4 35. Ng2 Rf5 36. d4 Nd5 37. Rh3 cxd4 38. Qd2 b6 39. a4 Ne3 40. Nxe3 dxe3 41. Qd3 Rg5+ 42. Kh1 Qb7+ 0-1

[Event "Muensterland Verbandsklasse-B 0405"]
[Site "Muensterland"]
[Date "2004.10.02"]
[Round "2.3"]
[White "Broemmel, Rudolf"]
[Black "Klein, Bjoern"]
[Result "1/2-1/2"]
[WhiteElo "1919"]
[BlackElo "1911"]
[PlyCount "82"]
[EventDate "2004.09.11"]
[EventType "team"]
[EventRounds "9"]
[EventCountry "GER"]
[SourceTitle "EXT 2006"]
[Source "ChessBase"]
[SourceDate "2005.11.24"]
[SourceVersion "1"]
[SourceVersionDate "2005.11.24"]
[SourceQuality "1"]
[WhiteTeam "Raesfeld Erle"]
[BlackTeam "Steinfurt"]
[WhiteTeamCountry "GER"]
[BlackTeamCountry "GER"]

1. d4 g6 2. g3 Bg7 3. Bg2 d6 4. e4 Nf6 5. Ne2 c6 6. 0-0 Nbd7 7. c3 0-0 8. h3 Qc7 9. Qc2 c5 10. dxc5 Nxc5 11. Be3 Rd8 12. Nd2 Bd7 13. Nf4 e6 14. Rfd1 Bc6 15. f3 Rac8 16. Nf1 b6 17. Qf2 Bb5 18. h4 e5 19. Nd5 Nxd5 20. Rxd5 Bc4 21. Rdd1 Be6 22. Bxc5 Qxc5 23. Qxc5 dxc5 24. Ne3 Rxd1+ 25. Rxd1 Bxa2 26. Ra1 Be6 27. Rxa7 Bh6 28. Kf2 Rd8 29. Ke2 Kf8 30. Rb7 Rd6 31. Bf1 Bxe3 32. Kxe3 h6 33. Be2 g5 34. hxg5 hxg5 35. Rb8+ Ke7 36. Rb7+ Kd8 37. Rb8+ Kc7 38. Rg8 f6 39. Rg7+ Kc6 40. Re7 Bb3 41. Re8 Be6 1/2-1/2

[Event "Muensterland Verbandsklasse-B 0203"]
[Site "Muensterland"]
[Date "2003.04.05"]
[Round "8.2"]
[White "Klein, Bjoern"]
[Black "Beutelhoff, Josef"]
[Result "1/2-1/2"]
[WhiteElo "1878"]
[BlackElo "2112"]
[PlyCount "92"]
[EventDate "2002.09.28"]
[EventType "team"]
[EventRounds "9"]
[EventCountry "GER"]
[SourceTitle "EXT 2004"]
[Source "ChessBase"]
[SourceDate "2003.11.25"]
[SourceVersion "1"]
[SourceVersionDate "2003.11.25"]
[SourceQuality "1"]
[WhiteTeam "Steinfurt"]
[BlackTeam "Luedinghausen"]
[WhiteTeamCountry "GER"]
[BlackTeamCountry "GER"]

1. d4 c5 2. d5 e5 3. c4 d6 4. Nc3 Be7 5. Nf3 Nf6 6. e3 0-0 7. Be2 Bf5 8. 0-0 h6 9. Ne1 Nbd7 10. f3 Bh7 11. Bd3 Bxd3 12. Qxd3 Ne8 13. Qf5 Nb6 14. b3 Qd7 15. Qxd7 Nxd7 16. Nc2 f5 17. e4 f4 18. Bd2 Nc7 19. Kf2 a6 20. a4 a5 21. Nb5 Ne8 22. Ke2 b6 23. Ne1 g5 24. g4 Kf7 25. Nd3 Rh8 26. Rh1 Bf6 27. Rag1 Nf8 28. Be1 Ng6 29. h3 Ke7 30. Kf1 Kd7 31. Kg2 Rh7 32. Bf2 Ng7 33. Ne1 Rah8 34. Rh2 h5 35. Rgh1 Be7 36. Kg1 Ne8 37. Na7 Nc7 38. Nc6 Bf6 39. Nd3 Ne6 40. Nxa5 bxa5 41. dxe6+ Kxe6 42. Be1 Bd8 43. Kg2 Ne7 44. Bc3 Nc6 45. gxh5 Rxh5 46. Rf1 Ne7 1/2-1/2